[Event "Junior Online 4NCL Division 3"]
[Site "online"]
[Date "2022.01.20"]
[EventDate "2022.01.20"]
[Round "1.147"]
[White "Thompson, Isaac"]
[WhiteElo "1000"]
[WhiteTeam "Charlton Lions"]
[Black "Yarranton, Isaac"]
[BlackElo "1000"]
[BlackTeam "Edgware Gambits E"]
[Result "0-1"]
[PlyCount "138"]

1. d4 e5 2. dxe5 Bc5 3. Nc3 Nc6 4. Nf3 f6 5. exf6 Nxf6 6. Bg5 O-O 7. e3 d5 8. Nxd5 Qxd5 9. Qxd5+ Nxd5 10. Bc4 Be6 11. a3 Nxe3 12. Bxe6+ Kh8 13. Bxe3 Bxe3 14. fxe3 Rae8 15. Bd5 Rxe3+ 16. Kd1 Rd8 17. Kc1 Rxd5 18. Rd1 Rxd1+ 19. Kxd1 Ne5 20. Nxe5 Rxe5 21. Kd2 Rf5 22. Re1 h6 23. Re8+ Kh7 24. Ke3 Rf7 25. Ke4 Kg6 26. g4 Kf6 27. Rh8 Kg5 28. h3 Re7+ 29. Kf3 Rf7+ 30. Kg3 Rd7 31. b4 Rd2 32. c4 Rd3+ 33. Kh2 Kf4 34. a4 Rd2+ 35. Kg1 Kf3 36. Rf8+ Kg3 37. Rf5 Rd1+ 38. Rf1 Rxf1+ 39. Kxf1 Kxh3 40. Ke2 Kxg4 41. Kf2 h5 42. Kg2 h4 43. Kh2 h3 44. c5 Kf5 45. b5 Ke5 46. c6 b6 47. Kxh3 Kd5 48. Kg3 Kc5 49. Kf3 Kb4 50. Ke4 Kxa4 51. Kd5 Kxb5 52. Kd4 g5 53. Ke3 Kxc6 54. Kf3 a5 55. Ke3 a4 56. Kd3 a3 57. Kc3 a2 58. Kb2 g4 59. Kxa2 g3 60. Kb2 g2 61. Kc2 g1=Q 62. Kd2 Qd4+ 63. Ke2 Qc3 64. Kf2 Kd5 65. Ke2 Ke4 66. Kf2 Qd3 67. Kg2 Kf4 68. Kf2 Qd2+ 69. Kf1 Kf3 0-1

[Event "Junior Online 4NCL Division 3"]
[Site "online"]
[Date "2022.01.20"]
[EventDate "2022.01.20"]
[Round "1.151"]
[White "Aggarwal, Kian"]
[WhiteElo "1288"]
[WhiteTeam "Chess Challengers C"]
[Black "Siriwardana, Dinil"]
[BlackElo "1255"]
[BlackTeam "KEGS B"]
[Result "1/2-1/2"]
[PlyCount "111"]

1. e4 e5 2. Nf3 Nc6 3. Bc4 Bc5 4. Nc3 Nf6 5. d3 h6 6. Be3 d6 7. Nd5 O-O 8. h3 a6 9. a4 Nb4 10. Nxb4 Bxb4+ 11. c3 Bc5 12. d4 exd4 13. cxd4 Bb4+ 14. Bd2 c5 15. dxc5 dxc5 16. Bxb4 cxb4 17. Qxd8 Rxd8 18. e5 Nd7 19. O-O-O b5 20. axb5 axb5 21. Bxb5 Ra1+ 22. Kc2 Ra5 23. Bxd7 Bxd7 24. Rhe1 Ba4+ 25. b3 Rc5+ 26. Kb2 Rxd1 27. Rxd1 Bb5 28. Rc1 Rd5 29. Kc2 Bd3+ 30. Kb2 Kf8 31. Rd1 f6 32. exf6 gxf6 33. Ne1 Rf5 34. Nxd3 Kf7 35. f3 Rg5 36. g4 Rb5 37. f4 f5 38. Ne5+ Ke6 39. Nc4 fxg4 40. hxg4 Kf6 41. Rd6+ Kg7 42. Ne5 Rb8 43. Rg6+ Kh7 44. f5 Re8 45. Nf7 Re2+ 46. Kc1 Rg2 47. Rxh6+ Kg7 48. g5 Kxf7 49. Rg6 Rf2 50. Rf6+ Kg7 51. Kd1 Rg2 52. Rg6+ Kf7 53. Ke1 Rb2 54. Rd6 Rxb3 55. g6+ Kg7 56. Kd2 Rf3 57. Rd5 b3 58. Kc1 Rf2 59. Kb1 Rg2 60. Rd7+ Kf6 61. Rf7+ Ke5 62. g7 Rg1+ 63. Kb2 Rg3 64. f6 Ke6 65. Rf8 Kd7 66. g8=Q Rxg8 67. Rxg8 Ke6 68. Rf8 Kf5 69. f7 Kf6 70. Kxb3 Ke7 71. Ra8 Kxf7 72. Kc4 Ke6 73. Kd4 Kf5 74. Re8 Kf4 75. Re6 Kf5 76. Kd5 Kf4 77. Re5 Kf3 78. Kd4 Kf4 79. Kd5 Kf3 80. Re4 Kf2 81. Kd4 Kf3 82. Kd3 Kg3 83. Re3+ Kf4 84. Kd4 Kf5 85. Ra3 Kf4 86. Ra5 Kf3 87. Ke5 Kg4 88. Kf6 Kf4 89. Ra4+ Ke3 { Black offers draw } 90. Ke5 Kf3 91. Kf5 Ke3 92. Ke5 Kf3 93. Re4 Kg3 94. Kf5 Kf3 95. Rd4 Ke3 96. Ke5 Kf3 97. Ra4 Kg3 98. Kf5 Kf3 99. Ra3+ Ke2 100. Ke4 Kf2 101. Kf4 Ke2 102. Ke4 Kf2 103. Re3 Kg2 104. Kf4 Kf2 105. Ra3 Ke2 106. Ke4 1/2-1/2

[Event "Junior Online 4NCL Division 3"]
[Site "online"]
[Date "2022.01.20"]
[EventDate "2022.01.20"]
[Round "1.152"]
[White "Scola, George"]
[WhiteElo "1300"]
[WhiteTeam "KEGS B"]
[Black "Sharavana, Harshith"]
[BlackElo "1236"]
[BlackTeam "Chess Challengers C"]
[Result "*"]
[PlyCount "82"]

1. e4 e5 2. Bc4 Bc5 3. Qh5 Qf6 4. Nf3 c6 5. O-O b5 6. Bb3 d6 7. Ng5 Nh6 8. d3 Bg4 9. Bxf7+ Nxf7 10. Qxg4 Nxg5 11. Qc8+ Qd8 12. Qb7 Nd7 13. Qxc6 a6 14. Bxg5 Qb8 15. Qd5 Nf8 16. Qc6+ Nd7 17. Qd5 Nf8 18. Nc3 h6 19. Be3 Bb4 20. f4 Nd7 21. Qe6+ Kd8 22. fxe5 Re8 23. Qd5 dxe5 24. Rf7 Qc7 25. Bb6 Ra7 26. Bxc7+ Rxc7 27. Qa8+ Rc8 28. Qa7 Bc5+ 29. Kh1 Bxa7 30. Raf1 Rg8 31. Nd5 Rxc2 32. Re7 Bc5 33. h3 Bxe7 34. Nxe7 Kxe7 35. Rf5 Rxb2 36. g4 Rc8 37. Rf1 Rxa2 38. h4 Rcc2 39. Re1 Rh2+ 40. Kg1 Rag2+ 41. Kf1 Rxg4 0-1

[Event "Junior Online 4NCL Division 3"]
[Site "online"]
[Date "2022.01.20"]
[EventDate "2022.01.20"]
[Round "1.153"]
[White "Chandrasekar, Neel"]
[WhiteElo "1230"]
[WhiteTeam "Chess Challengers C"]
[Black "Bennett, Ben"]
[BlackElo "1019"]
[BlackTeam "KEGS B"]
[Result "1-0"]
[PlyCount "95"]

1. d4 d5 2. c4 dxc4 3. e4 Nc6 4. Be3 e6 5. Bxc4 Nf6 6. Nc3 Bd7 7. a3 a5 8. Nf3 Bd6 9. e5 Nxe5 10. dxe5 Be7 11. exf6 Bxf6 12. Bd4 Bxd4 13. Qxd4 f6 14. O-O-O Qe7 15. Rhe1 O-O-O 16. Qe3 h5 17. Qa7 c6 18. Qa8+ Kc7 19. Qxa5+ Kc8 20. Qb4 c5 21. Qb3 Kc7 22. Bxe6 Ba4 23. Qxa4 Rxd1+ 24. Qxd1 Rd8 25. Nd5+ Rxd5 26. Qxd5 Kb6 27. Qd7 Qf8 28. Bd5 Qa8 29. Qxb7+ Qxb7 30. Bxb7 Kxb7 31. Re7+ Kc6 32. Rxg7 Kd5 33. Rh7 c4 34. Rxh5+ Ke4 35. Kd2 c3+ 36. Kxc3 Kf4 37. Rf5+ Kxf5 38. b4 Ke6 39. Kd4 Kd7 40. Kd5 Kc8 41. h4 f5 42. h5 f4 43. h6 Kd7 44. h7 Ke7 45. h8=Q Kd7 46. Qh7+ Ke8 47. Ke6 Kd8 48. Qd7# 1-0

[Event "Junior Online 4NCL Division 3"]
[Site "online"]
[Date "2022.01.20"]
[EventDate "2022.01.20"]
[Round "1.154"]
[White "Owen, Joshua"]
[WhiteElo "1003"]
[WhiteTeam "KEGS B"]
[Black "Khandelwal, Ritisha"]
[BlackElo "1205"]
[BlackTeam "Chess Challengers C"]
[Result "0-1"]
[PlyCount "63"]

1. e4 e5 2. Nf3 Nc6 3. Nc3 Nf6 4. Bc4 Bb4 5. a3 Bxc3 6. dxc3 Nxe4 7. O-O Nd6 8. Bb3 O-O 9. h3 Qf6 10. Bg5 Qf5 11. Bd5 e4 12. Nd4 Qxd5 13. Be3 Nxd4 14. Bxd4 Nf5 15. Qd2 Nxd4 16. cxd4 c5 17. c3 cxd4 18. cxd4 d6 19. Rfe1 Qe6 20. Qc2 Qg6 21. Kf1 d5 22. Qc5 Qc6 23. Qa5 Be6 24. Rac1 Qb6 25. Qd2 Qb5+ 26. Kg1 b6 27. Qf4 Qxb2 28. Qg3 Qxd4 29. Rc3 Qf6 30. Ree3 d4 31. Rxe4 dxc3 32. Qxc3 0-1

[Event "Junior Online 4NCL Division 3"]
[Site "online"]
[Date "2022.01.20"]
[EventDate "2022.01.20"]
[Round "1.155"]
[White "Siriwardana, Dinil"]
[WhiteElo "1255"]
[WhiteTeam "KEGS B"]
[Black "Aggarwal, Kian"]
[BlackElo "1288"]
[BlackTeam "Chess Challengers C"]
[Result "0-1"]
[PlyCount "62"]

1. e4 e5 2. Bc4 Nc6 3. Nc3 Bc5 4. Nf3 Nf6 5. O-O d6 6. h3 Be6 7. d3 O-O 8. Bg5 h6 9. Bh4 g5 10. Nxg5 hxg5 11. Bxg5 Kg7 12. Qf3 Nd4 13. Qg3 Nh5 14. Qh4 f6 15. Bxe6 fxg5 16. Qxh5 Nxe6 17. Nd5 Nf4 18. Nxf4 Rxf4 19. g3 Rf6 20. Kg2 Rh6 21. Qg4 Qf6 22. f4 exf4 23. Rxf4 Qg6 24. Qd7+ Kh8 25. Rf3 Rh7 26. Qg4 Bd4 27. Rf5 Bxb2 28. Raf1 Rg8 29. h4 gxh4 30. Qd1 Qxg3+ 31. Kh1 Qg2# 0-1

[Event "Junior Online 4NCL Division 3"]
[Site "online"]
[Date "2022.01.20"]
[EventDate "2022.01.20"]
[Round "1.156"]
[White "Sharavana, Harshith"]
[WhiteElo "1236"]
[WhiteTeam "Chess Challengers C"]
[Black "Scola, George"]
[BlackElo "1300"]
[BlackTeam "KEGS B"]
[Result "0-1"]
[PlyCount "38"]

1. e4 c5 2. f4 d6 3. Nf3 Nf6 4. Bc4 g6 5. O-O Bg7 6. Nc3 O-O 7. b3 Nc6 8. Bb2 Bg4 9. Be2 Bxf3 10. Bxf3 Nd4 11. Nd5 Nxf3+ 12. Rxf3 Nxd5 13. Bxg7 Kxg7 14. exd5 Qb6 15. f5 c4+ 16. Kh1 cxb3 17. cxb3 Qd4 18. Qc2 Qxa1+ 19. Rf1 Qxf1# 0-1

[Event "Junior Online 4NCL Division 3"]
[Site "online"]
[Date "2022.01.20"]
[EventDate "2022.01.20"]
[Round "1.157"]
[White "Bennett, Ben"]
[WhiteElo "1019"]
[WhiteTeam "KEGS B"]
[Black "Chandrasekar, Neel"]
[BlackElo "1230"]
[BlackTeam "Chess Challengers C"]
[Result "0-1"]
[PlyCount "65"]

1. e4 c5 2. Nc3 Nc6 3. f4 e6 4. Nf3 d5 5. e5 Nge7 6. Bb5 a6 7. Bxc6+ Nxc6 8. O-O Be7 9. d3 O-O 10. Qe1 b6 11. g4 f5 12. exf6 Rxf6 13. Qh4 Rxf4 14. Ng5 Bxg5 15. Qxg5 Qxg5 16. Rxf4 Qg6 17. Bd2 e5 18. Rf3 Qxg4+ 19. Rg3 Qe6 20. Rf1 Bd7 21. Rgf3 Nd4 22. Rg3 Rf8 23. Re1 Nxc2 24. Re2 Nd4 25. Re1 Nb5 26. Nxd5 Qxd5 27. Bh6 Rf7 28. Rf1 Rxf1+ 29. Kxf1 Qf7+ 30. Kg2 Bc6+ 31. Kh3 g6 32. Be3 Qf5+ 33. Rg4 0-1

[Event "Junior Online 4NCL Division 3"]
[Site "online"]
[Date "2022.01.20"]
[EventDate "2022.01.20"]
[Round "1.158"]
[White "Khandelwal, Ritisha"]
[WhiteElo "1205"]
[WhiteTeam "Chess Challengers C"]
[Black "Owen, Joshua"]
[BlackElo "1003"]
[BlackTeam "KEGS B"]
[Result "1-0"]
[PlyCount "63"]

1. e4 e5 2. Nf3 Nc6 3. Bb5 Nd4 4. Nxd4 exd4 5. d3 Bc5 6. O-O a6 7. Bc4 d6 8. Qf3 Nf6 9. Bg5 Bg4 10. Qf4 Be6 11. Bb3 Bxb3 12. axb3 Qe7 13. Bxf6 gxf6 14. c3 dxc3 15. bxc3 Bb6 16. d4 O-O-O 17. Re1 Qd7 18. Qxf6 Rhg8 19. Qh4 Rg7 20. Na3 Rdg8 21. g3 d5 22. Re3 dxe4 23. Qxe4 Rg4 24. Qxh7 R8g7 25. Qh5 c5 26. dxc5 Bxc5 27. Nc4 Bxe3 28. Ne5 Qd2 29. Nxg4 Bb6 30. Qh8+ Kc7 31. Qxg7 Qxc3 32. Qxc3+ 1-0

[Event "Junior Online 4NCL Division 3"]
[Site "online"]
[Date "2022.01.20"]
[EventDate "2022.01.20"]
[Round "1.161"]
[White "Qiu, Calvin"]
[WhiteElo "1185"]
[WhiteTeam "Muswell Hill Knights"]
[Black "Mo, Alex"]
[BlackElo "1372"]
[BlackTeam "Desert Penguins Jupiter"]
[Result "1-0"]
[PlyCount "99"]

1. e4 c5 2. Nf3 d6 3. Bc4 a6 4. Nc3 e6 5. d4 b5 6. Bb3 c4 7. d5 cxb3 8. axb3 exd5 9. Nxd5 Nf6 10. Nxf6+ Qxf6 11. Qd5 Ra7 12. Bg5 Qe6 13. Qd4 Nc6 14. Qc3 Qxe4+ 15. Be3 Rc7 16. Nd4 Bb7 17. f3 Qe5 18. O-O-O Be7 19. Nxc6 Qxc3 20. bxc3 Bxc6 21. Rhe1 Rb7 22. Bg5 f6 23. Bf4 Kf7 24. Bxd6 Bxd6 25. Rxd6 Rc7 26. Ree6 Bd7 27. Re4 Re8 28. Red4 Re1+ 29. Kb2 Re7 30. g4 Bc6 31. c4 Red7 32. Rxc6 Ke7 33. Rxc7 Rxc7 34. Re4+ Kd6 35. cxb5 axb5 36. c4 bxc4 37. Rxc4 Rb7 38. Kc3 g6 39. b4 Rb5 40. Rd4+ Ke5 41. f4+ Ke6 42. Kc4 Rb6 43. b5 f5 44. g5 Kf7 45. Kc5 Rb7 46. b6 Kg7 47. Kc6 Rb8 48. Rd7+ Kg8 49. Kc7 Rf8 50. Rd8 1-0

[Event "Junior Online 4NCL Division 3"]
[Site "online"]
[Date "2022.01.20"]
[EventDate "2022.01.20"]
[Round "1.162"]
[White "Cleanis, Theo"]
[WhiteElo "1151"]
[WhiteTeam "Desert Penguins Jupiter"]
[Black "Crichton, Finlay"]
[BlackElo "1050"]
[BlackTeam "Muswell Hill Knights"]
[Result "1-0"]
[PlyCount "55"]

1. d4 d5 2. c4 e6 3. Nc3 Nf6 4. Bg5 Be7 5. e3 h6 6. Bh4 Nc6 7. Bd3 b6 8. Nf3 Bb7 9. O-O g5 10. Bg3 Nh5 11. Be5 Nxe5 12. Nxe5 Nf6 13. cxd5 exd5 14. Bb5+ Kf8 15. Bc6 Bxc6 16. Nxc6 Qd7 17. Nxe7 Qxe7 18. Qf3 Ne4 19. Nxe4 dxe4 20. Qe2 f5 21. Rac1 Rc8 22. Qb5 Qf6 23. Rc6 Qf7 24. Qe5 Kg8 25. Rf6 Qg7 26. Qe6+ Kh7 27. Rf7 Qxf7 28. Qxf7# 1-0

[Event "Junior Online 4NCL Division 3"]
[Site "online"]
[Date "2022.01.20"]
[EventDate "2022.01.20"]
[Round "1.163"]
[White "Marks, Rory"]
[WhiteElo "1143"]
[WhiteTeam "Muswell Hill Knights"]
[Black "Dane, James"]
[BlackElo "1183"]
[BlackTeam "Desert Penguins Jupiter"]
[Result "0-1"]
[PlyCount "112"]

1. e4 c5 2. Nf3 d6 3. d3 Nc6 4. d4 cxd4 5. Nxd4 Nxd4 6. Qxd4 Nf6 7. Bg5 a6 8. Bxf6 exf6 9. Bc4 Be7 10. O-O O-O 11. Nc3 b5 12. Bd5 Rb8 13. f4 h6 14. Rae1 Bb7 15. Bxb7 Rxb7 16. Qd5 Rb8 17. Ne2 Rc8 18. Nd4 Qd7 19. c3 Rc5 20. Qb3 d5 21. Qd1 dxe4 22. Rxe4 Rc4 23. Rfe1 Rc7 24. Rxe7 Qxe7 25. Rxe7 Rxe7 26. Nf5 Re4 27. Qg4 g6 28. Nxh6+ Kg7 29. Qf3 Rfe8 30. Nf5+ gxf5 31. Qg3+ Kf8 32. Kf1 Re2 33. h4 Rxb2 34. h5 Rb1+ 35. Qe1 Rbxe1+ 36. Kf2 Kg7 37. Kf3 Rh1 38. Kg3 Rxh5 39. Kf3 Kf8 40. Kg3 Ke7 41. Kf3 Rg8 42. Kf2 Rg4 43. Kf3 Rg6 44. Kf2 Rg4 45. Kf3 Rh8 46. Kf2 Rxf4+ 47. Ke3 Re4+ 48. Kd3 Rg8 49. Kd2 Rxg2+ 50. Kd3 Rg3+ 51. Kd2 Rf4 52. Ke2 Rh4 53. Kf2 Rxc3 54. Kg2 f4 55. Kf2 Rh2+ 56. Kg1 Rxa2 0-1

[Event "Junior Online 4NCL Division 3"]
[Site "online"]
[Date "2022.01.20"]
[EventDate "2022.01.20"]
[Round "1.165"]
[White "Mo, Alex"]
[WhiteElo "1372"]
[WhiteTeam "Desert Penguins Jupiter"]
[Black "Qiu, Calvin"]
[BlackElo "1185"]
[BlackTeam "Muswell Hill Knights"]
[Result "1/2-1/2"]
[PlyCount "125"]

1. d4 d5 2. c4 e6 3. Nc3 Nf6 4. Bg5 Be7 5. Nf3 Nbd7 6. e3 b6 7. cxd5 Nxd5 8. Bxe7 Nxe7 9. Bb5 a6 10. Bd3 Bb7 11. Be4 Nd5 12. Nxd5 Bxd5 13. Bxd5 exd5 14. Qa4 b5 15. Qb4 c6 16. Rc1 a5 17. Qd6 Rc8 18. Rxc6 Rxc6 19. Qxc6 b4 20. Ne5 f6 21. Nxd7 Qxd7 22. Qa8+ Qd8 23. Qc6+ Qd7 24. Qxd7+ Kxd7 25. O-O Rc8 26. Rb1 Rc2 27. a3 bxa3 28. bxa3 Rc3 29. a4 Ra3 30. Kf1 Rxa4 31. Rb7+ Ke6 32. Rxg7 Ra1+ 33. Ke2 Rb1 34. Rxh7 Rb6 35. Ra7 Rb5 36. Kf3 Kf5 37. h4 Kg6 38. g4 f5 39. Kf4 fxg4 40. Kxg4 Kh6 41. f4 Rb3 42. Rxa5 Rxe3 43. Rxd5 Re4 44. Rh5+ Kg6 45. Rg5+ Kh6 46. d5 Re8 47. d6 Rd8 48. Rd5 Kg6 49. h5+ Kf6 50. h6 Kg6 51. h7 Kxh7 52. Kg5 Kg7 53. f5 Kf7 54. Kf4 Kf6 55. d7 Ke7 56. Ke5 Kf7 57. f6 Kf8 58. Ke6 Kg8 59. Ke7 Rxd7+ 60. Rxd7 Kh8 61. f7 Kg7 62. f8=Q+ Kh7 63. Rd6 1/2-1/2

[Event "Junior Online 4NCL Division 3"]
[Site "online"]
[Date "2022.01.20"]
[EventDate "2022.01.20"]
[Round "1.166"]
[White "Crichton, Finlay"]
[WhiteElo "1050"]
[WhiteTeam "Muswell Hill Knights"]
[Black "Cleanis, Theo"]
[BlackElo "1151"]
[BlackTeam "Desert Penguins Jupiter"]
[Result "0-1"]
[PlyCount "116"]

1. e4 c5 2. Nf3 d6 3. d4 cxd4 4. Nxd4 Nf6 5. Nc3 e6 6. Bg5 Be7 7. Qd2 a6 8. Nf3 Nbd7 9. Qe3 O-O 10. Bd3 b5 11. h4 Bb7 12. g3 Rc8 13. Bxf6 Bxf6 14. O-O-O b4 15. Ne2 Qa5 16. Kd2 b3+ 17. c3 bxa2 18. Ra1 Nc5 19. b4 Qa3 20. bxc5 Qb2+ 21. Bc2 Rxc5 22. Nfd4 Bxd4 23. Nxd4 e5 24. Ne2 Bc6 25. Qd3 Bb5 26. Qxd6 Rcc8 27. Qxe5 Rfd8+ 28. Ke3 Bxe2 29. Kxe2 Qxc2+ 30. Ke3 Qxc3+ 31. Kf4 Qxe5+ 32. Kxe5 Rc2 33. Kf4 f6 34. f3 Kf7 35. g4 Rd3 36. g5 Rf2 37. Rh3 fxg5+ 38. hxg5 Rb3 39. Kg4 Rb1 40. Rxa2 Rxa2 41. Rxh7 Rg2+ 42. Kf5 Rb5+ 43. Kf4 Kg6 44. Rh4 Rgxg5 45. Rg4 Rxg4+ 46. Kxg4 a5 47. e5 Rxe5 48. f4 Re4 49. Kf3 Re8 50. Kg4 a4 51. f5+ Kf6 52. Kf4 a3 53. Kg4 a2 54. Kf4 a1=Q 55. Kg4 Qg1+ 56. Kf4 Qf2+ 57. Kg4 Re4+ 58. Kh5 Qh4# 0-1

[Event "Junior Online 4NCL Division 3"]
[Site "online"]
[Date "2022.01.20"]
[EventDate "2022.01.20"]
[Round "1.167"]
[White "Dane, James"]
[WhiteElo "1183"]
[WhiteTeam "Desert Penguins Jupiter"]
[Black "Marks, Rory"]
[BlackElo "1143"]
[BlackTeam "Muswell Hill Knights"]
[Result "1/2-1/2"]
[PlyCount "151"]

1. d4 d5 2. c4 dxc4 3. e3 b5 4. b3 cxb3 5. Qxb3 c6 6. a4 Qa5+ 7. Bd2 Qb6 8. axb5 cxb5 9. Qxb5+ Qc6 10. Qxc6+ Nxc6 11. Bb5 Bd7 12. Nf3 Nf6 13. O-O g6 14. Nc3 Bg7 15. h3 O-O 16. d5 Nb4 17. Ra4 Bxb5 18. Nxb5 Nbxd5 19. Nc3 Nxc3 20. Bxc3 Rfc8 21. Bb2 Rc2 22. Bd4 Rcc8 23. Rxa7 Rxa7 24. Bxa7 Ne4 25. Bd4 Bxd4 26. Nxd4 Kg7 27. Ra1 Rc7 28. Kf1 Nd2+ 29. Ke2 Ne4 30. Kf3 Ng5+ 31. Kf4 h6 32. h4 Ne6+ 33. Nxe6+ fxe6 34. g3 Kf6 35. Ke4 Rc4+ 36. Kd3 Rc5 37. f4 e5 38. Ra6+ Kf5 39. Ra7 exf4 40. exf4 e5 41. fxe5 Rxe5 42. Rh7 Kg4 43. Rxh6 Kxg3 44. Rxg6+ Kxh4 45. Rh6+ Kg5 46. Rh8 Kf4 47. Rf8+ Kg5 48. Rg8+ Kf6 49. Rf8+ Ke7 50. Rf1 Rd5+ 51. Kc4 Rg5 52. Re1+ Kd6 53. Rd1+ Kc6 54. Rb1 Rg4+ 55. Kd3 Kd5 56. Rb5+ Kc6 57. Rb1 Kc5 58. Rc1+ Kd5 59. Rb1 Rg3+ 60. Kc2 Kc4 61. Kb2 Rg2+ 62. Ka3 Rg8 63. Rc1+ Kd3 64. Rd1+ Kc3 65. Rc1+ Kd2 66. Rc7 Ra8+ 67. Kb4 Rb8+ 68. Ka5 Kd3 69. Rd7+ Kc4 70. Ka6 Rb1 71. Rc7+ Kd5 72. Rc8 Ra1+ 73. Kb6 Rb1+ 74. Ka6 Ra1+ 75. Kb6 Rb1+ 76. Ka6 1/2-1/2

[Event "Junior Online 4NCL Division 3"]
[Site "online"]
[Date "2022.02.03"]
[EventDate "2022.02.03"]
[Round "2.11"]
[White "Twomey, Liam"]
[WhiteElo "1812"]
[WhiteTeam "Cork Juniors"]
[Black "Saunders, Oliver"]
[BlackElo "1168"]
[BlackTeam "Barnet Knights D"]
[Result "0-1"]
[PlyCount "86"]

1. e4 e5 2. Nc3 Nc6 3. Bc4 Nf6 4. Nf3 Bc5 5. d3 d6 6. h3 h6 7. Ne2 a6 8. c3 O-O 9. O-O b5 10. Bb3 Bb6 11. Qc2 a5 12. a3 a4 13. Ba2 Na5 14. Bd2 Be6 15. c4 bxc4 16. dxc4 c5 17. Qd3 Nc6 18. Nc3 Ba5 19. Nb5 Bxd2 20. Qxd2 Nd4 21. Nfxd4 exd4 22. f4 Nxe4 23. Qe1 Nf6 24. f5 Bd7 25. Qg3 Re8 26. Nxd6 Rf8 27. Nb7 Qb6 28. Nd6 Rad8 29. Nb5 Bxb5 30. cxb5 Qxb5 31. Qf2 c4 32. Rfc1 Rc8 33. Qf1 Ne4 34. Bxc4 Qb6 35. Bd3 Nd2 36. Qe2 Rxc1+ 37. Rxc1 Nb3 38. Rc4 Nc5 39. Bc2 Nb3 40. Bxb3 Qxb3 41. Rxd4 Qb6 42. Qe5 Rd8 43. Kh2 Qxd4 0-1

[Event "Junior Online 4NCL Division 3"]
[Site "online"]
[Date "2022.02.03"]
[EventDate "2022.02.03"]
[Round "2.12"]
[White "Pugh, Ben"]
[WhiteElo "993"]
[WhiteTeam "Barnet Knights D"]
[Black "Schmidt, Eoin"]
[BlackElo "1118"]
[BlackTeam "Cork Juniors"]
[Result "0-1"]
[PlyCount "38"]

1. d4 d5 2. e3 e6 3. Bd3 Nc6 4. c3 Nf6 5. Nd2 Bd6 6. Ngf3 O-O 7. Qb3 Bd7 8. O-O h6 9. Qa4 Ne5 10. dxe5 Bxa4 11. b3 Bc6 12. c4 Bxe5 13. Nxe5 dxc4 14. Nexc4 Qxd3 15. Ba3 Qd5 16. Nf3 Rfd8 17. Nb2 Ne4 18. Ne1 Ng5 19. Ned3 Qxg2# 0-1

[Event "Junior Online 4NCL Division 3"]
[Site "online"]
[Date "2022.02.03"]
[EventDate "2022.02.03"]
[Round "2.13"]
[White "Philip, Tom"]
[WhiteElo "939"]
[WhiteTeam "Cork Juniors"]
[Black "Sobolevski, Damien"]
[BlackElo "920"]
[BlackTeam "Barnet Knights D"]
[Result "0-1"]
[PlyCount "37"]

1. e4 d5 2. exd5 Qxd5 3. Nc3 Qd8 4. Be2 Nf6 5. Nf3 g6 6. d3 Bg7 7. Bd2 Bg4 8. O-O Bxf3 9. Bxf3 Nc6 10. Qe2 Nd4 11. Qe3 Nxc2 12. Qf4 Nxa1 13. Rxa1 Qxd3 14. Be4 Nxe4 15. Nxe4 Bxb2 16. Rb1 Qxb1+ 17. Bc1 Bxc1 18. Ng3 Bxf4+ 19. Nf1 0-1

[Event "Junior Online 4NCL Division 3"]
[Site "online"]
[Date "2022.02.03"]
[EventDate "2022.02.03"]
[Round "2.14"]
[White "Greenberg, Sam"]
[WhiteElo "600"]
[WhiteTeam "Barnet Knights D"]
[Black "Oâ€™Sullivan, Angela"]
[BlackElo "1000"]
[BlackTeam "Cork Juniors"]
[Result "0-1"]
[PlyCount "38"]

1. e4 e5 2. Nf3 Nc6 3. Bc4 Bc5 4. O-O d6 5. d3 Bg4 6. Nc3 Nf6 7. Bg5 O-O 8. Nd5 Nd4 9. Qd2 Bxf3 10. gxf3 Nxf3+ 11. Kh1 Nxd2 12. Rg1 Nf3 13. Rg3 Nd2 14. Bh6 Bxf2 15. Rxg7+ Kh8 16. Rd1 Rg8 17. Rxf7 Ng4 18. Rxd2 Ne3 19. Nxe3 Rg1# 0-1

[Event "Junior Online 4NCL Division 3"]
[Site "online"]
[Date "2022.02.03"]
[EventDate "2022.02.03"]
[Round "2.15"]
[White "Saunders, Oliver"]
[WhiteElo "1168"]
[WhiteTeam "Barnet Knights D"]
[Black "Twomey, Liam"]
[BlackElo "1812"]
[BlackTeam "Cork Juniors"]
[Result "1/2-1/2"]
[PlyCount "71"]

1. e4 d5 2. exd5 Nf6 3. Nc3 Nxd5 4. Nf3 Bg4 5. Be2 e6 6. d4 Bb4 7. Bd2 Nc6 8. Nxd5 Bxd2+ 9. Qxd2 Qxd5 10. h3 Bf5 11. O-O O-O-O 12. b3 Nxd4 13. Nxd4 Qxd4 14. Qxd4 Rxd4 15. Rad1 Rhd8 16. Rxd4 Rxd4 17. Rd1 e5 18. c3 Rd6 19. Rxd6 cxd6 20. Kh2 g5 21. Kg3 d5 22. Bg4 Bd7 23. Bxd7+ Kxd7 24. Kg4 h6 25. Kf3 Ke6 26. Ke3 Kf5 27. g4+ Ke6 28. Kd3 b5 29. c4 dxc4+ 30. bxc4 a6 31. cxb5 axb5 32. a3 Kd5 33. f3 f6 34. Kc3 Kc5 35. Kd3 Kd5 36. Kc3 1/2-1/2

[Event "Junior Online 4NCL Division 3"]
[Site "online"]
[Date "2022.02.03"]
[EventDate "2022.02.03"]
[Round "2.16"]
[White "Schmidt, Eoin"]
[WhiteElo "1118"]
[WhiteTeam "Cork Juniors"]
[Black "Pugh, Ben"]
[BlackElo "993"]
[BlackTeam "Barnet Knights D"]
[Result "1-0"]
[PlyCount "83"]

1. e4 c5 2. Nf3 d6 3. Nc3 Bd7 4. Bc4 e6 5. d3 Nc6 6. Bg5 Be7 7. Be3 Nf6 8. Bg5 h6 9. Bh4 O-O 10. h3 Qc7 11. a3 Rad8 12. O-O Rfe8 13. d4 Nxd4 14. Nxd4 cxd4 15. Qxd4 Nh5 16. Bxe7 Rxe7 17. Bd3 Nf4 18. Bc4 d5 19. exd5 exd5 20. Bxd5 Nxd5 21. Qxd5 Be6 22. Qf3 Rd2 23. Rac1 Qc6 24. Qf4 Qc4 25. Qxd2 Qd5 26. Nxd5 Bxd5 27. Qxd5 Re6 28. Qf5 Rf6 29. Qe4 Re6 30. Qd3 Re8 31. Rfe1 Rf8 32. Qd7 g6 33. Re8 Kg7 34. Rxf8 Kxf8 35. Qd8+ Kg7 36. Re1 h5 37. Re8 Kh6 38. f4 h4 39. Rh8+ Kg7 40. Qd4+ f6 41. Qd8 g5 42. Qg8# 1-0

[Event "Junior Online 4NCL Division 3"]
[Site "online"]
[Date "2022.02.03"]
[EventDate "2022.02.03"]
[Round "2.17"]
[White "Sobolevski, Damien"]
[WhiteElo "920"]
[WhiteTeam "Barnet Knights D"]
[Black "Philip, Tom"]
[BlackElo "939"]
[BlackTeam "Cork Juniors"]
[Result "0-1"]
[PlyCount "134"]

1. d4 d5 2. Bf4 Nf6 3. e3 e6 4. Bd3 Bb4+ 5. c3 Ba5 6. Nd2 O-O 7. Ngf3 Nc6 8. Qc2 g6 9. Bh6 Re8 10. Ne5 Nxe5 11. dxe5 Bd7 12. exf6 Qxf6 13. b4 Bb6 14. g4 Bc6 15. g5 Qe5 16. Nf3 Qd6 17. Qb2 e5 18. Qc2 d4 19. Nxd4 exd4 20. Rg1 dxe3 21. fxe3 Rxe3+ 22. Kd1 Rxd3+ 23. Kc1 Bxg1 24. Kb2 Be4 25. Rxg1 Qc6 26. Re1 Rxc3 27. Qxc3 Qxc3+ 28. Kxc3 Bc6 29. h4 Bd5 30. a4 Bc6 31. b5 Bd5 32. a5 c6 33. bxc6 Bxc6 34. Kc4 Rc8 35. Re3 b5+ 36. Kc5 Rc7 37. Rd3 Be4+ 38. Kd4 Bxd3 39. Kxd3 Rb7 40. a6 Rb6 41. h5 b4 42. hxg6 fxg6 43. Bg7 Kxg7 44. Ke3 b3 45. Kd3 b2 46. Kd4 b1=Q 47. Kd5 Qb5+ 48. Kd4 Rd6+ 49. Ke4 Qe5+ 50. Kxe5 Rxa6 51. Kd5 Ra5+ 52. Kd4 Rxg5 53. Ke4 h5 54. Ke3 h4 55. Kf4 h3 56. Kxg5 h2 57. Kf4 h1=Q 58. Ke5 a5 59. Kd4 a4 60. Ke5 a3 61. Kd4 a2 62. Ke5 a1=Q+ 63. Kf4 Qa4+ 64. Ke5 Qe1+ 65. Kd5 Qea5+ 66. Kd6 Qd4+ 67. Ke7 Qae5# 0-1

[Event "Junior Online 4NCL Division 3"]
[Site "online"]
[Date "2022.02.03"]
[EventDate "2022.02.03"]
[Round "2.18"]
[White "Oâ€™Sullivan, Angela"]
[WhiteElo "1000"]
[WhiteTeam "Cork Juniors"]
[Black "Greenberg, Sam"]
[BlackElo "600"]
[BlackTeam "Barnet Knights D"]
[Result "0-1"]
[PlyCount "118"]

1. e4 e5 2. Nf3 Nc6 3. Bc4 Nf6 4. Ng5 d5 5. Bb3 Bg4 6. f3 Be6 7. Nxe6 fxe6 8. Nc3 dxe4 9. d3 exf3 10. gxf3 Bc5 11. Bg5 Nd4 12. Qd2 Nxf3+ 13. Ke2 Nxd2 14. Kxd2 h6 15. Bh4 g5 16. Bg3 Qd7 17. Bxe5 O-O 18. Rhf1 Qe7 19. Nb5 Rac8 20. Nxa7 Rcd8 21. Nb5 Ne4+ 22. Ke2 Rxf1 23. Kxf1 Nd2+ 24. Ke1 Nxb3 25. cxb3 Rxd3 26. Rd1 Re3+ 27. Kd2 Rxe5 28. Kc2 Re2+ 29. Kc1 Be3+ 30. Kb1 Qh7+ 31. Ka1 Qc2 32. Rb1 Rd2 33. Nc3 Qxb2+ 34. Rxb2 Rxb2 35. Kxb2 Bd4 36. a4 e5 37. b4 e4 38. Kb3 Bxc3 39. Kxc3 e3 40. a5 Kf7 41. b5 e2 42. Kd2 b6 43. a6 c5 44. a7 c4 45. a8=Q c3+ 46. Kxc3 e1=Q+ 47. Kc4 Qc1+ 48. Kb4 Qb1+ 49. Ka4 Qa1+ 50. Kb4 Qxa8 51. Kc4 g4 52. Kd4 g3 53. Ke3 gxh2 54. Kd4 h1=Q 55. Kc4 Qc8+ 56. Kb4 Qg4+ 57. Ka3 Qhh3+ 58. Ka2 Qgg2+ 59. Ka1 Qhh1# 0-1